| 000 | 00946nam a22002657a 4500 | ||
|---|---|---|---|
| 999 |
_c13756 _d13756 |
||
| 003 | AR-CdUCM | ||
| 008 | 190416b ||||| |||| 00| 0 spa d | ||
| 020 | _a84-249-0771-X | ||
| 040 |
_aMUNICIPALIDAD PROVINCIAL DEL CUSCO _cBIBLIOTECA MUNICIPAL DEL CUSCO |
||
| 041 | _hfre | ||
| 082 |
_a809.9 / _bP365 |
||
| 100 |
_aPécheux, Michel _932292 |
||
| 245 | _aHacia el análisis automático del Discurso / | ||
| 260 |
_aMadrid : _bGredos, _c1978. |
||
| 300 |
_a374 páginas ; _bImágenes, Gráficos, _c19 cm. |
||
| 440 |
_aEstudios y ensayos _n277 _932293 |
||
| 505 | _aContenido: Análisis automático del discurso -- Actuaciones y perspectivas a propósito del análisis automático del discurso (1975) ... | ||
| 650 |
_aAnálisis _92730 |
||
| 650 |
_aDiscurso _92504 |
||
| 650 |
_aFrancia _91444 |
||
| 650 |
_aLingüística _91640 |
||
| 700 |
_aAlvar Ezquerra, Manuel (traductor) _932294 |
||
| 942 |
_2ddc _cLIBROS |
||
| 945 |
_acmm _d2019-04-16 |
||